An historical grammar of Japanese

In the following study of the development of the Japanese language, it has been necessary for reasons of space as well as simplicity to concentrate on a description of the earliest and the lastest forms, those of the Nara and hein periods and of the present day, without paying much attention to the...

ver descrição completa

Na minha lista:
Detalhes bibliográficos
Autor principal: Sansom, George
Formato: Livro
Idioma:Undetermined
Publicado em: Oxford The Clarendon press 1928
Assuntos:
Tags: Adicionar Tag
Sem tags, seja o primeiro a adicionar uma tag!
Thư viện lưu trữ: Trung tâm Học liệu Trường Đại học Cần Thơ
LEADER 00873nam a2200217Ia 4500
001 CTU_111163
008 210402s9999 xx 000 0 und d
020 |c 1189000 
082 |a 495.6 
082 |b S229 
100 |a Sansom, George 
245 3 |a An historical grammar of Japanese 
245 0 |c George Sansom 
260 |a Oxford 
260 |b The Clarendon press 
260 |c 1928 
520 |a In the following study of the development of the Japanese language, it has been necessary for reasons of space as well as simplicity to concentrate on a description of the earliest and the lastest forms, those of the Nara and hein periods and of the present day, without paying much attention to the intervening stages. 
650 |a Japanese language 
650 |x Grammar,Historical 
904 |i Hiếu 
980 |a Trung tâm Học liệu Trường Đại học Cần Thơ